[Event "South America-ch U16 13th"]
[Site "Santiago de Chile"]
[Date "2016.12.02"]
[Round "2"]
[White "Kapitanchuk, Tomas"]
[Black "Hung, Alejandro"]
[Result "1-0"]
[WhiteElo "2152"]
[BlackElo "1731"]
[PlyCount "73"]
[EventDate "2016.12.01"]
[EventType "swiss"]
[EventRounds "9"]
[EventCountry "CHI"]
[SourceTitle "EXT 2018"]
[Source "ChessBase"]
[SourceDate "2017.10.13"]
[SourceVersion "1"]
[SourceVersionDate "2017.10.13"]
[SourceQuality "1"]

1. e4 c5 2. Nf3 d6 3. d4 cxd4 4. Nxd4 Nf6 5. Nc3 a6 6. Bg5 e6 7. f4 Be7 8. Qf3 Nbd7 9. 0-0-0 Qc7 10. Bd3 Nc5 11. f5 0-0 12. Qg3 Kh8 13. Rhe1 b6 14. Re3 h6 15. Bh4 e5 16. Bxf6 Bxf6 17. Nd5 Qd8 18. Nc6 Bh4 19. Nxd8 Bxg3 20. Nxf7+ Rxf7 21. Rxg3 b5 22. Rg6 Bb7 23. Rxd6 Rc8 24. Rd2 Nxd3+ 25. Rxd3 Rc4 26. Re3 Rd4 27. c3 Rc4 28. b3 Rc5 29. Rd3 Kh7 30. Kd2 Rf8 31. g4 Rfc8 32. h4 b4 33. Nxb4 Bxe4 34. Re3 Bb7 35. Nxa6 Bxa6 36. Rxa6 Rd8+ 37. Ke2 1-0

[Event "VEN-ch U16 3rd"]
[Site "San Antonio"]
[Date "2016.04.04"]
[Round "7.5"]
[White "Hung, Alejandro"]
[Black "Saab Escalona, Karim Nijib"]
[Result "1-0"]
[WhiteElo "1676"]
[BlackElo "1600"]
[PlyCount "130"]
[EventDate "2016.04.01"]
[EventType "swiss"]
[EventRounds "7"]
[EventCountry "VEN"]
[SourceTitle "EXT 2022"]
[Source "ChessBase"]
[SourceDate "2021.10.06"]
[SourceVersion "1"]
[SourceVersionDate "2021.10.06"]
[SourceQuality "1"]

1. e4 e5 2. Nf3 Nc6 3. Bb5 a6 4. Ba4 Be7 5. 0-0 b5 6. Bb3 d6 7. h3 Nf6 8. Re1 0-0 9. c3 h6 10. d4 exd4 11. cxd4 Re8 12. Nbd2 Bb7 13. Nf1 Na5 14. Bc2 d5 15. exd5 Bxd5 16. Bf4 Nc6 17. Ne5 Nxe5 18. dxe5 Nh7 19. Qd3 Nf8 20. Qg3 Bh4 21. Qc3 Bb7 22. Red1 Qc8 23. Bg3 Be7 24. Ne3 c5 25. Nf5 Qc6 26. f3 c4 27. Nxe7+ Rxe7 28. Be4 Qc8 29. Qb4 Rd7 30. Bxb7 Qxb7 31. Rd6 Rad8 32. Rad1 Rxd6 33. exd6 Rd7 34. b3 cxb3 35. axb3 Ne6 36. Rc1 Qb6+ 37. Kh2 a5 38. Qe4 Qb7 39. Qxb7 Rxb7 40. Rc7 Rb8 41. d7 Rd8 42. Rc8 Kf8 43. Bd6+ Kg8 44. Rxd8+ Nxd8 45. Be7 Nc6 46. d8Q+ Nxd8 47. Bxd8 a4 48. bxa4 bxa4 49. Be7 f6 50. Kg3 Kf7 51. Ba3 h5 52. Kh4 g6 53. g4 hxg4 54. hxg4 Ke6 55. Kg3 Ke5 56. Bb2+ Ke6 57. Kf4 g5+ 58. Ke4 Ke7 59. Kf5 Kf7 60. Bxf6 a3 61. Ba1 a2 62. Kxg5 Kf8 63. Kf6 Kg8 64. g5 Kf8 65. g6 Kg8 1-0